Zachary Levi Filmography - Statistics

General Stats
  • This quiz has been taken 49 times
    10 since last reset
  • The average score is 28 of 113
Answer Stats
Type Year Name % Correct
Film 2019 Shazam!
100%
Film 2023 Shazam! Fury of the Gods
100%
Video Game 2010 Disney Tangled
86%
Film 2010 Tangled
86%
TV Show 2017-2020 Tangled: The Series
86%
Film 2023 Chicken Run: Dawn of the Nugget
57%
Film 2024 Harold and the Purple Crayon
57%
Film 2023 Spy Kids: Armageddon
57%
Short Film 2012 Tangled Ever After
57%
Film 2017 The Star
57%
Film 2013 Thor: The Dark World
57%
Film 2021 American Underdog
43%
TV Show 2007-2012 Chuck
43%
Film 2025 Sarah's Oil
43%
Film 2025 The Unbreakable Boy
43%
Film 2017 Thor: Ragnarok
43%
Award Show 2011 2011 Spike Video Game Awards
29%
TV Show 2012 4 Points
29%
TV Mini-Series 2017 Alias Grace
29%
Film 2009 Alvin and the Chipmunks: The Squeakquel
29%
Film 2008 An American Carol
29%
Documentary 2016 Apex: The Story of the Hypercar
29%
Film 2022 Apollo 10½: A Space Age Childhood
29%
Film 2006 Big Momma's House 2
29%
TV Film 2002 Big Shot: Confessions of a Campus Bookie
29%
Film 2018 Blood Fest
29%
TV Show 2005 Brody & Friends
29%
TV Show 2004 Curb Your Enthusiasm
29%
Web Series 2015 Deadbeat
29%
Video Game 2010 Fallout: New Vegas
29%
TV Show 2022 Family Guy
29%
TV Mini-Series 2015 Geeks Who Drink
29%
Video Game 2020 Grounded
29%
Video Game 2010 Halo: Reach
29%
TV Mini-Series 2015-2016 Heroes Reborn
29%
Film TBA Hotel Tehran
29%
TV Film 2007 Imperfect Union
29%
Video Game 2019 Kingdom Hearts III
29%
TV Show 2002-2006 Less Than Perfect
29%
Web Series 2011-2017 NerdHQ
29%
Film 2022 Night at the Museum: Kahmunrah Rises Again
29%
Film 2024 | TBA Not Without Hope
29%
Film 2018 Office Uprising
29%
TV Film 2017 Pysch: The Movie
29%
TV Film 2013 Remember Sunday
29%
TV Show 2012, 2014, 2021, 2022 Robot Chicken
29%
TV Film 2003 See Jane Date
29%
Film 2008 Shades of Ray
29%
TV Film | Theater 2016 She Loves Me
29%
Film 2007 Spiral
29%
Film 2009 Stuntmen
29%
TV Film 2017 Tangled: Before Ever After
29%
TV Show 2011 Team Unicorn
29%
TV Show 2015-2016 Telenovela
29%
TV Show 2016 The $100,000 Pyramid
29%
TV Show 2004 The Division
29%
TV Show 2011 The Guild
29%
Web Series 2018-2019 The Marvelous Mrs. Maisel
29%
TV Show 2023 The Masked Singer
29%
Film 2021 The Mauritanian
29%
Video Game 2013 Tomb Raider
29%
Documentary 2010 Under the Boardwalk: The Monopoly Story
29%
Documentary Mini-Series 2011 Vietnam in HD
29%
Documentary Series 2022 Who Do You Think You Are?
29%
Film 2008 Wieners
29%
TV Show 2006 Worst Week of My Life
29%
Short Film 2010 Byron Phillips: Found
14%
Short Film 2007 Ctrl Z
14%
Short Film 2012 Defeat the Label
14%
TV Short 2013 Falling for You
14%
Theater 2013-2014 First Date
14%
Film TBA Free Fall
14%
Theater 2023 Gutenberg!
14%
TV Show 2014, 2015 Hollywood Game Night
14%
Music Video 2011 I See the Light
14%
Video Game 2018 LEGO DC Super-Villains
14%
TV Mini-Series 2016 LEGO Jurassic World: The Indominus Escape
14%
TV Short 2012 Let It Go
14%
Short Film 2011 No Rest for the Wicked: A Basil & Moebius Adventure
14%
Web Series 2020 Pandemic Players
14%
Short Film 2005 Reel Guerrillas
14%
Theater 2016 Sunday in the Park with George
14%
Music Video 2010 Terrified
14%
Short Film 2020 The Statement
14%
Short Film 2008 The Tiffany Problem
14%
Short Film 2022 Thoughts and Prayers
14%
TV Show 2005 Three
14%
Web Mini-Series 2013 Tiny Commando
14%
Film TBA Undercover
14%
Web Series 2012 Video Game High School
14%
Award Show 2019 2019 MTV Movie & TV Awards
0%
Web Series 2013 Above Average Presents
0%
TV Special 2015 All-Star Dog Rescue Celebration
0%
TV Mini-Series 2015 Best Time Ever with Neil Patrick Harris
0%
TV Special 2013 Betty White's 2nd Annual 90th Birthday
0%
TV Special 2012 Betty White's 90th Birthday: A Tribute to America's Golden Girl
0%
Commercial 2010 Comcast XFINITY
0%
TV Special 2023 Dick Van Dyke - 98 Years of Magic
0%
TV Special 2013 Doctor Who: Farewell to Matt Smith
0%
Commercial 2015 Fandango
0%
TV Show 2009 Free Radio
0%
Web Series 2019 Smosh
0%
TV Special 2010 Stand Up to Cancer
0%
TV Show 2012 Star Wars: Detours
0%
Music Video 2009 Still Have My Heart
0%
TV Show 2012, 2015 Talking Dead
0%
TV Show 2012 The Chris Gethard Show: Public Access
0%
TV Show 2012, 2014 The Soup
0%
Commercial 2019 TJX
0%
TV Show 2010 WWE Raw
0%
Commercial 2019 Zaxby's
0%
No matching quizzes found
Score Distribution
Percent of People with Each Score
Percentile by Number Answered
Your Score History
You have not taken this quiz since the last reset